| 000 | 01345cam a2200361 i 4500 | ||
|---|---|---|---|
| 001 | 18728215 | ||
| 003 | EG-ScBUE | ||
| 005 | 20260406103845.0 | ||
| 008 | 150804t2016 flua f 001 0 eng d | ||
| 020 | _a9781138784918 | ||
| 035 | _a18728215 | ||
| 040 |
_aDLC _beng _erda _cDLC _dDLC _dEG-ScBUE |
||
| 082 | 0 | 4 |
_a777.7 _222 _bPAR |
| 100 | 1 |
_aParks, Corrie Francis, _eauthor. |
|
| 245 | 1 | 0 |
_aFluid frames : _bexperimental animation with sand, clay, paint, and pixels / _cby Corrie Francis Parks. |
| 250 | _aFirst edition. | ||
| 264 | 1 |
_aBoca Raton : _bCRC Press, Taylor & Francis Group, CRC Press is an imprint of the Taylor & Francis Group, an informa business, _c[2016] |
|
| 264 | 4 | _cc2016 | |
| 300 |
_ax, 239 pages : _ecolor illustrations ; _c28 cm |
||
| 336 |
_atext _btxt _2rdacontent |
||
| 337 |
_aunmediated _bn _2rdamedia |
||
| 338 |
_avolume _bnc _2rdacarrier |
||
| 500 | _a"A Focal Press Book." | ||
| 500 | _aIncludes index. | ||
| 650 | 7 |
_aStop-motion animation films. _2BUEsh |
|
| 650 | 7 |
_aClay animation films. _2BUEsh |
|
| 650 | 7 |
_aComputer animation. _2BUEsh |
|
| 653 |
_cApril2026 _bART |
||
| 655 | _vReading book | ||
| 906 |
_a7 _bcbc _corignew _d1 _eecip _f20 _gy-gencatlg |
||
| 942 |
_2ddc _cBB |
||
| 999 |
_c31175 _d31146 |
||